Influence of conductive carbon blacks on rubber properties-New developments and applications (Record no. 61203)

MARC details
000 -LEADER
fixed length control field 00610nam a2200157Ia 4500
100 ## - MAIN ENTRY--AUTHOR NAME
Personal name Van Bellingen C
245 #0 - TITLE STATEMENT
Title Influence of conductive carbon blacks on rubber properties-New developments and applications
260 ## - PUBLICATION, DISTRIBUTION, ETC. (IMPRINT)
Name of publisher Rubberchem 2001-The International Rubber Chemicals, Compounding and Mixing Conference. Proceedings of a Conference held Brussels, 3rd-4th April 2001.Paper.8.p9.012
500 ## - GENERAL NOTE
General note Source Year: 2001
650 ## - SUBJECT ADDED ENTRY--TOPICAL TERM
Topical Term Conductive carbon black
650 ## - SUBJECT ADDED ENTRY--TOPICAL TERM
Topical Term Rubber properties
700 ## - ADDED ENTRY--PERSONAL NAME
Personal name Probst N
856 ## - ELECTRONIC LOCATION AND ACCESS
Uniform Resource Identifier RAPRA.38(12)
942 ## - ADDED ENTRY ELEMENTS (KOHA)
Koha item type Journals
Holdings
Withdrawn status Lost status Damaged status Not for loan Home library Current library Shelving location Date acquired Koha item type
      Journals RRII Library RRII Library Rubber chemistry 01/01/2021 Journals